Ručné dojenie si vyžaduje zručnosť

Bibliographic Details
Main Author: Janíček, Eduard (Author)
Format: Article
Language:Slovak
Subjects:

MARC

LEADER 00000nab a2200000 a 4500
001 vtls000454167
003 SK-MaSNL
005 20260303194052.0
008 120926c1992 xo 0 slo
015 |a SNBRB19rr/mm-uuuuu 
035 |a CL0454298 
040 |a SNKBUCL  |b slo  |c SNKBUCL  |e AACR2 
041 0 |a slo 
044 |a xo  |c SK 
080 |a 637.12 63  |2 1981 
100 1 |a Janíček, Eduard  |4 aut  |9 350378 
245 1 0 |a Ručné dojenie si vyžaduje zručnosť  |c Eduard Janíček 
650 0 7 |a ovce  |2 snkbucl  |9 14971 
650 0 7 |a ručné dojenie  |2 snkbucl  |9 73852 
650 0 7 |a ovčie mlieko  |2 snkbucl  |9 71498 
655 7 |a články z novín a časopisov  |2 snkbucl  |9 267496 
773 0 |t Chov oviec  |g Roč. 14, č. 1-2 (1992), s. 15-16 
850 |a Slovenská národná knižnica v Martine  |a MTA001 
852 |a SNK  |b KIS3GCP 
958 |a RK 
992 |a RBX 
999 |c 2155521  |d 2157451